| 000 | 00569cam a2200217 4500 | ||
|---|---|---|---|
| 008 | 090401t1988 xxu||||| |||| 00| 0 eng d | ||
| 020 | _a0582018676 | ||
| 035 | _a(Sirsi) u60903 | ||
| 041 | _aeng | ||
| 050 | _a696.01051 | ||
| 100 | _aHall, F. | ||
| 245 | _aDesign calculations for plumbing and heating engineers. | ||
| 250 | _a2nd ed. | ||
| 260 |
_aHarlow, Essex _bLongman Scientific & Technical _c1988 |
||
| 300 | _a211p. : ill. ; 22cm. | ||
| 350 | _a18.99 | ||
| 650 | _aPLUMBING | ||
| 690 |
_aBlock management _96220 |
||
| 942 | _n0 | ||
| 948 | _c04/03/1997 | ||
| 999 |
_c94265 _d94265 |
||